<?xml version="1.0" encoding="UTF-8"?>
<collection xmlns="http://www.loc.gov/MARC21/slim">
 <record>
  <leader>01392cam a2200385 a 4500</leader>
  <controlfield tag="001">AAL7863</controlfield>
  <controlfield tag="003">BD-DhAAL</controlfield>
  <controlfield tag="005">20160409150010.0</controlfield>
  <controlfield tag="008">160409s2003    nyu           000 1 eng  </controlfield>
  <datafield tag="010" ind1=" " ind2=" ">
   <subfield code="a">  2003058184</subfield>
  </datafield>
  <datafield tag="020" ind1=" " ind2=" ">
   <subfield code="a">0752859412</subfield>
  </datafield>
  <datafield tag="020" ind1=" " ind2=" ">
   <subfield code="a">0312316690</subfield>
  </datafield>
  <datafield tag="040" ind1=" " ind2=" ">
   <subfield code="a">DLC</subfield>
   <subfield code="c">DLC</subfield>
   <subfield code="d">DLC</subfield>
   <subfield code="d">BD-DhAAL</subfield>
  </datafield>
  <datafield tag="050" ind1="0" ind2="0">
   <subfield code="a">PS3562.U26</subfield>
   <subfield code="b">T75 2003</subfield>
  </datafield>
  <datafield tag="082" ind1="0" ind2="0">
   <subfield code="a">813/.54</subfield>
   <subfield code="2">22</subfield>
  </datafield>
  <datafield tag="100" ind1="1" ind2=" ">
   <subfield code="a">Ludlum, Robert,</subfield>
   <subfield code="d">1927-2001.</subfield>
   <subfield code="9">19062</subfield>
  </datafield>
  <datafield tag="245" ind1="1" ind2="4">
   <subfield code="a">The Tristan betrayal /</subfield>
   <subfield code="c">Robert Ludlum.</subfield>
  </datafield>
  <datafield tag="250" ind1=" " ind2=" ">
   <subfield code="a">1st ed.</subfield>
  </datafield>
  <datafield tag="260" ind1=" " ind2=" ">
   <subfield code="a">New York :</subfield>
   <subfield code="b">St. Martin's Press,</subfield>
   <subfield code="c">2003.</subfield>
  </datafield>
  <datafield tag="300" ind1=" " ind2=" ">
   <subfield code="a">504 p. ;</subfield>
   <subfield code="c">18 cm.</subfield>
  </datafield>
  <datafield tag="541" ind1=" " ind2=" ">
   <subfield code="e">7863</subfield>
  </datafield>
  <datafield tag="650" ind1=" " ind2="0">
   <subfield code="a">World War, 1939-1945</subfield>
   <subfield code="z">France</subfield>
   <subfield code="v">Fiction.</subfield>
   <subfield code="9">19063</subfield>
  </datafield>
  <datafield tag="650" ind1=" " ind2="0">
   <subfield code="a">World War, 1939-1945</subfield>
   <subfield code="z">Russia (Federation)</subfield>
   <subfield code="v">Fiction.</subfield>
   <subfield code="9">19064</subfield>
  </datafield>
  <datafield tag="650" ind1=" " ind2="0">
   <subfield code="a">Americans</subfield>
   <subfield code="z">Russia (Federation)</subfield>
   <subfield code="v">Fiction.</subfield>
   <subfield code="9">19065</subfield>
  </datafield>
  <datafield tag="650" ind1=" " ind2="0">
   <subfield code="a">Intelligence officers</subfield>
   <subfield code="v">Fiction.</subfield>
   <subfield code="9">19066</subfield>
  </datafield>
  <datafield tag="650" ind1=" " ind2="0">
   <subfield code="a">Americans</subfield>
   <subfield code="z">France</subfield>
   <subfield code="v">Fiction.</subfield>
   <subfield code="9">19067</subfield>
  </datafield>
  <datafield tag="650" ind1=" " ind2="0">
   <subfield code="a">Ballerinas</subfield>
   <subfield code="v">Fiction.</subfield>
   <subfield code="9">19068</subfield>
  </datafield>
  <datafield tag="651" ind1=" " ind2="0">
   <subfield code="a">Moscow (Russia)</subfield>
   <subfield code="v">Fiction.</subfield>
   <subfield code="9">19069</subfield>
  </datafield>
  <datafield tag="651" ind1=" " ind2="0">
   <subfield code="a">Paris (France)</subfield>
   <subfield code="v">Fiction.</subfield>
   <subfield code="9">19070</subfield>
  </datafield>
  <datafield tag="655" ind1=" " ind2="7">
   <subfield code="a">War stories.</subfield>
   <subfield code="2">gsafd</subfield>
   <subfield code="9">19071</subfield>
  </datafield>
  <datafield tag="655" ind1=" " ind2="7">
   <subfield code="a">Spy stories.</subfield>
   <subfield code="2">gsafd</subfield>
   <subfield code="9">19072</subfield>
  </datafield>
  <datafield tag="852" ind1=" " ind2=" ">
   <subfield code="a"> Savar Campus Library</subfield>
   <subfield code="c">General Shelf</subfield>
  </datafield>
  <datafield tag="942" ind1=" " ind2=" ">
   <subfield code="2">ddc</subfield>
   <subfield code="c">BK</subfield>
  </datafield>
  <datafield tag="999" ind1=" " ind2=" ">
   <subfield code="c">37413</subfield>
   <subfield code="d">37413</subfield>
  </datafield>
  <datafield tag="952" ind1=" " ind2=" ">
   <subfield code="0">0</subfield>
   <subfield code="1">0</subfield>
   <subfield code="2">ddc</subfield>
   <subfield code="4">0</subfield>
   <subfield code="6">813_000000000000000__54_LUD</subfield>
   <subfield code="7">0</subfield>
   <subfield code="9">58748</subfield>
   <subfield code="a">SCL</subfield>
   <subfield code="b">SCL</subfield>
   <subfield code="c">GEN</subfield>
   <subfield code="d">2016-04-09</subfield>
   <subfield code="e">Gift:</subfield>
   <subfield code="l">5</subfield>
   <subfield code="m">17</subfield>
   <subfield code="o">813.54 LUD</subfield>
   <subfield code="p">3020007863</subfield>
   <subfield code="r">2019-11-17</subfield>
   <subfield code="s">2019-09-23</subfield>
   <subfield code="t">1</subfield>
   <subfield code="w">2016-04-09</subfield>
   <subfield code="y">BK</subfield>
  </datafield>
 </record>
</collection>
